Só não venha de calça branca (Record no. 184284)

MARC details
000 -LÍDER
campo de controle de tamanho fixo 00389 a2200169 4500
001 - NÚMERO DE CONTROLE
campo de controle 184284
020 ## - ISBN - INTERNATIONAL STANDARD BOOK NUMBER
ISBN - International Standard Book Number 85-02-02830-8
040 ## - FONTE DA CATALOGAÇÃO
Instituição que transcreveu o registro Magnum
100 ## - ENTRADA PRINCIPAL--NOME PESSOAL
Nome pessoal Tavares, Ulisses
240 10 - TÍTULO UNIFORME
Título uniforme Só não venha de calça branca
Idioma da obra por
245 10 - TÍTULO
Título Só não venha de calça branca
300 ## - DESCRIÇÃO FÍSICA
Extensão 95
362 0# - DATAS DE PUBLICAÇÃO E/OU DESIGNAÇÃO SEQUENCIAL
Datas de publicação e/ou designação sequencial 1999
440 #1 - DECLARAÇÃO DE SÉRIE/ENTRADA ADICIONADA--TÍTULO
Título Saraiva
697 ## - ENTRADA DE ASSUNTO LOCAL--ENTIDADE COLETIVA (RLIN)
Nome corporativo ou nome da jurisdição LITERATURA INFANTO-JUVENIL
942 ## - ELEMENTOS DE ENTRADA ADICIONADOS (KOHA)
Tipo de material Koha Livros
Holdings
Situação do descarte Situação das perdas Situação física Não pode ser emprestado Biblioteca de origem Biblioteca atual Data de aquisição Total de empréstimos Número de chamada completo Código de barras Data de último acesso Data do preço efetivo Tipo de material Koha
        Magnum Magnum 08/06/2024   869.2.136 MAG00042854 08/06/2024 08/06/2024 Livros
        Magnum Magnum 08/06/2024   869.2.136 MAG00042855 08/06/2024 08/06/2024 Livros
        Magnum Magnum 08/06/2024   869.2.136 MAG00042856 08/06/2024 08/06/2024 Livros
        Magnum Magnum 08/06/2024   869.2.136 MAG00042857 08/06/2024 08/06/2024 Livros
        Magnum Magnum 08/06/2024   869.2.136 MAG00042858 08/06/2024 08/06/2024 Livros
        Magnum Magnum 08/06/2024   869.2.136 MAG00042859 08/06/2024 08/06/2024 Livros
        Magnum Magnum 08/06/2024   869.2.136 MAG00042860 08/06/2024 08/06/2024 Livros